Istanbul Airport Cities Not Served by Turkish Airlines - Statistics

General Stats
  • This quiz has been taken 13 times
  • The average score is 16 of 49
Answer Stats
Airline(s) City % Correct
Aegean Airlines Heraklion
67%
Belavia Minsk
67%
Aegean Airlines Mykonos
67%
Icelandair Reykjavik
67%
Aegean Airlines Rhodes
67%
Air Arabia Rabat
58%
Croatia Airlines Split
58%
LOT Polish Airlines Gdansk
50%
Air Serbia Nis
50%
S7 Airlines Novosibirsk
50%
Aegean Airlines Santorini
50%
Air Seychelles Victoria
50%
Aeroflot, Ural Airlines Yekaterinburg
50%
Sichuan Airlines Chengdu
42%
Nordwind Airlines Kazan
42%
Red Wings Airlines Nizhny Novgorod
42%
Azimuth, Red Wings Airlines, Ural Airlines Sochi
42%
Royal Air Maroc Tangier
42%
Utair Ufa
42%
China Eastern Airlines Xi'an
42%
Air Astana, SCAT Airlines Atyrau
33%
Flynas Abha
25%
SCAT Airlines Aktobe
25%
EasyJet Bristol
25%
Utair Grozny
25%
Animawings, WizzAir Iasi
25%
Air Serbia Kraljevo
25%
Aeroflot, Azimuth Krasnodar
25%
Azimuth Mineralnye Vody
25%
SCAT Airlines Shymkent
25%
China Southern Airlines Urumqi
25%
Karun Airlines Ahvaz
17%
Uzbekistan Airways Andijan
17%
Red Wings Airlines Chelyabinsk
17%
Animawings Craiova
17%
Red Wings Airlines Kaluga
17%
FlyArystan Karaganda
17%
Somon Air Khujand
17%
Red Wings Airlines Makhachkala
17%
Kam Air Mazar-i-Sharif
17%
Transavia Montpellier
17%
Red Wings Airlines Nalchik
17%
Centrium Air, Qanot Sharq Namangan
17%
Transavia Nantes
17%
Red Wings Airlines Nizhnekamsk
17%
Qanot Sharq Qarshi
17%
Red Wings Airlines Stavropol
17%
Red Wings Airlines Tyumen
17%
Red Wings Airlines Vladikavkaz
17%
No matching quizzes found
Score Distribution
Percent of People with Each Score
Percentile by Number Answered
Your Score History
You have not taken this quiz